000 00866nam a2200253 a 4500
001 BRL_209
005 20190320210633.0
008 051206s2004 mx-a######---#000-1#spa-#
041 _aspa
044 _amx
050 4 _aF1391.C94
_b.L87 2004
245 1 0 _aLupita, la novia de Culiacán
_crecopilación del material Ulises Cisneros, Javier Campos y Maximiliano Alvarado.
260 _aMéxico
_bDirección de Investigación y Fomento de Cultura Regional
_c[2004?]
300 _a132 p.
_bil.
_c21 cm.
440 0 _aRescate y divulgación
_923231
500 _aAu246
600 1 4 _aLeyva Flores, Guadalupe
_d1900-1982
_923232
651 4 _aCuliacán, Sinaloa (México)
_vAnécdotas
_923233
700 1 _aCisneros, Ulises
_ecomp.
_923234
700 1 _aCampos, Javier
_ecomp.
_923235
700 1 _aAlvarado, Maximiliano
_ecomp.
_923236
902 _aGRL
942 _2lcc
_cB
999 _c9022
_d9022